000 00314nam a22001457a 4500
020 _a0-141-31972-0
082 _a823
_bCRO/C
100 _aCROWLE, NIGEL
245 _aKNOW-IT-ALL GUIDES
260 _aLONDON
_bPENGUIN BOOKS
_c2005
300 _a120
520 _aSHORT STORY
650 _aSHORT STORY
942 _cBK
999 _c5784
_d5784